000 01118cam a22003257a 4500
003 CHAP
005 20230822062638.0
008 971013s1982 r 00010 d
010 _a70127
011 _a71099
035 _a80653
040 _cCHAP
082 0 4 _a301.444
_bC5
110 1 _aCEPAL
_921292
245 1 0 _aEconomía campesina y agricultura empresarial
_b: tipología de productores del agro mexicano
260 _aMéxico, D. F. :
_bSiglo XXI,
_c1982
300 _a339 p.
_b; gráfs.
490 0 _aEconomía y demografía
590 _aBATCH-UPD
_b10
_c20130110
_lUCH01
_h0956
590 _aBATCH-UPD
_b10
_c20130410
_lUCH01
_h0608
590 _aBATCH-UPD
_b10
_c20130914
_lUCH01
_h0829
590 _aCONVERSION
_b10
_c20130109
_lUCH01
_h1338
650 1 4 _aCampesinado
_zMéxico.
650 1 4 _aDesarrollo rural.
_932067
830 0 4 _aEconomía y demografía (Siglo XXI Editores)
_935280
901 _aBK
942 _cLIBRO
949 _a301.444 C5
_bBC
_cLIBRO
_d33724000230157
_eLIBRO
_gI. c/e
_h67083
_i80653
_si
_t990.00
949 _a301.444 C5
_bBC
_cLIBRO
_d33724000610176
_eLIBRO
_fc.2
_h67084
_i80653
_si
_t990.00
999 _c70127
_d70127